000 00415nam a2200181Ia 4500
003 0STCL
008 150530s9999 xx 000 0 und d
040 _aSTCL
_cSTCL
100 _aAppan, K.P.
245 _aCharitrathe Agadhamakkiya Guru
250 _a3
260 _bD.C books; Kottayam
_c2007
_aKottayam
300 _a0
546 _aMalayalam
942 _2ddc
_cBK
999 _c2074
_d2074
005 20220125160235.0